| 000 | 00937nam a22002177a 4500 | ||
|---|---|---|---|
| 005 | 20240214092012.0 | ||
| 008 | s2548 th tha d | ||
| 020 | _a974978538X | ||
| 040 | _aNALT | ||
| 041 | _atha | ||
| 050 |
_aDS586 _bภ671ส 2548 |
||
| 100 | 0 | _aอัครวัฒน์ โอสถานุเคราะห์ | |
| 245 | 1 | 0 |
_aสองธรรมราชา / _cอัครวัฒน์ โอสถานุเคราะห์ |
| 250 | _aพิมพ์ครั้งที่ 2 | ||
| 260 |
_aกรุงเทพฯ : _bร่วมด้วยช่วยกัน, _c2548. |
||
| 300 |
_a140 หน้า : _bภาพประกอบ ; _c21 ซม. |
||
| 650 | 0 | 4 | _aทศพิธราชธรรม |
| 650 | 0 | 4 | _aภูมิพลอดุลยเดช, พระบาทสมเด็จพระเจ้าอยู่หัว, 2470-- |
| 850 | _aNALT | ||
| 942 |
_cGB _2lcc |
||
| 999 |
_c51252 _d51252 |
||
| 998 |
_j4574 _k นักศึกษาฝึกงาน-01 |
||